[Event "Mindsports"]
[Site "Beijing CHN"]
[Date "2008.10.05"]
[EventDate "2008.10.05"]
[Round "1"]
[Result "1-0"]
[White "Shen Yang"]
[Black "Kieu Thien Kim Le"]
[WhiteElo "2450"]
[BlackElo "2291"]
[PlyCount "93"]

1. d4 d5 2. c4 c6 3. Nf3 Nf6 4. Nc3 dxc4 5. a4 Bf5 6. e3 e6
7. Bxc4 Bb4 8. O-O O-O 9. Qe2 Bg6 10. Ne5 Nbd7 11. Nxg6 hxg6
12. Rd1 Qe7 13. e4 e5 14. dxe5 Nxe5 15. Bb3 Rfe8 16. g3 Ned7
17. f3 Rad8 18. Be3 Bc5 19. Kg2 a6 20. Bg5 Bb4 21. Ba2 a5
22. Re1 Qc5 23. Be3 Qe7 24. Rad1 Nc5 25. Qc4 Ne6 26. Bf2 Nh5
27. Be3 Nf6 28. Bb6 Rxd1 29. Rxd1 Nh5 30. Be3 Rd8 31. Rxd8+
Qxd8 32. e5 g5 33. Ne4 Qc7 34. Bd4 Qd7 35. Bb6 Qd1 36. Be3 Qa1
37. Qb3 Qe1 38. Qd3 Be7 39. Bxe6 fxe6 40. Bxg5 Qb4 41. Bd2
Qxb2 42. Qd7 Bb4 43. Qe8+ Bf8 44. Qxh5 b5 45. Kh3 b4 46. Ng5
Qc2 47. Qf7+ 1-0

[Event "Mindsports"]
[Site "Beijing CHN"]
[Date "2008.10.05"]
[EventDate "2008.10.05"]
[Round "2"]
[Result "1-0"]
[White "Zuzana Borosova"]
[Black "Shen Yang"]
[WhiteElo "2234"]
[BlackElo "2450"]
[PlyCount "83"]

1. e4 e5 2. Nf3 Nc6 3. Bc4 Bc5 4. c3 Nf6 5. d3 a6 6. O-O Ba7
7. Nbd2 O-O 8. h3 h6 9. Bb3 Re8 10. Nc4 d6 11. Ne3 Na5 12. Bc2
c5 13. Nh2 d5 14. Qf3 Be6 15. Nhg4 Nxg4 16. hxg4 d4 17. Nf5
Nc6 18. c4 b5 19. b3 Rb8 20. g3 Rb6 21. Kg2 Ne7 22. Rh1 Nxf5
23. gxf5 Bd7 24. Bd2 Rd6 25. g4 Kf8 26. Qg3 Qa8 27. f4 f6
28. fxe5 Rxe5 29. Bf4 bxc4 30. bxc4 Rb6 31. Bxe5 fxe5 32. Rab1
Qb8 33. Rxb6 Qxb6 34. Rb1 Qc7 35. g5 h5 36. Rh1 Be8 37. g6 Qa5
38. Qf2 Bb8 39. Rxh5 Ke7 40. Rh7 Kd8 41. Rxg7 Bd6 42. f6 1-0

[Event "Mindsports"]
[Site "Beijing CHN"]
[Date "2008.10.05"]
[EventDate "2008.10.05"]
[Round "3"]
[Result "1/2-1/2"]
[White "Shen Yang"]
[Black "Kateryna Dolzhykova"]
[WhiteElo "2450"]
[BlackElo "2351"]
[PlyCount "145"]

1. d4 d5 2. c4 c6 3. Nf3 Nf6 4. Nc3 e6 5. e3 Nbd7 6. Qc2 Bd6
7. b3 O-O 8. Be2 b6 9. O-O Bb7 10. Bb2 Qe7 11. Rad1 Rad8
12. Rfe1 Rfe8 13. Bd3 c5 14. cxd5 exd5 15. dxc5 Nxc5 16. Bf5
Nce4 17. Nb5 Bb8 18. Ba3 Nc5 19. Nbd4 a5 20. Ne2 Nfe4 21. Ng3
g6 22. Bh3 h5 23. Bb2 h4 24. Ne2 Ng5 25. Nxg5 Qxg5 26. Bd4 Bc8
27. Bxc8 Rxc8 28. Qb2 h3 29. Ng3 hxg2 30. Kxg2 Re6 31. Rc1
Rcc6 32. Red1 Be5 33. Bxe5 Qxe5 34. Qxe5 Rxe5 35. Ne2 Rf6
36. Nf4 Rff5 37. Rc2 Ne4 38. Rd4 Nf6 39. b4 g5 40. Nd3 Re4
41. bxa5 bxa5 42. Rc5 Re6 43. Rxa5 Rc6 44. Rc5 Rb6 45. a4 Rb3
46. Rb5 Ra3 47. a5 Ra2 48. Rdb4 Ne4 49. Rb2 Ra3 50. Nb4 Nc3
51. Rb8+ Kg7 52. a6 g4 53. Rc2 Ne4 54. Rb7 Ng5 55. a7 Ra1
56. Na2 Nf3 57. Rc1 Rxa2 58. Rbc7 Kg6 59. Kg3 Kg5 60. R1c2 Ra1
61. Rc1 Ra2 62. R1c2 Ra6 63. R2c6 Ra2 64. Rc2 Ra1 65. Rc1 Ra2
66. R1c2 Ra3 67. R2c3 Ra2 68. Rc2 Ra1 69. Rc1 Ra2 70. R1c2 Ra6
71. R2c6 Ra1 72. Rc1 Ra2 73. R1c2 1/2-1/2

[Event "Mindsports"]
[Site "Beijing CHN"]
[Date "2008.10.06"]
[EventDate "2008.10.05"]
[Round "4"]
[Result "0-1"]
[White "Irine Kharisma Sukandar"]
[Black "Shen Yang"]
[WhiteElo "2303"]
[BlackElo "2450"]
[PlyCount "76"]

1. e4 e5 2. Nf3 Nc6 3. Bb5 a6 4. Ba4 Nf6 5. O-O Be7 6. Re1 b5
7. Bb3 d6 8. a3 O-O 9. h3 Bb7 10. d3 h6 11. Nbd2 Re8 12. Nf1
Bf8 13. Ng3 d5 14. Bd2 Qd7 15. c3 dxe4 16. dxe4 Na5 17. Ba2
Nc4 18. Bxc4 bxc4 19. Qc2 Bc6 20. Be3 Rab8 21. Rad1 Qe6
22. Bc1 Nd7 23. Nh4 g6 24. Qe2 Kh7 25. Rf1 Nc5 26. f4 exf4
27. Bxf4 Nxe4 28. Nxe4 Bxe4 29. Bxc7 Rb7 30. Bg3 Bd3 31. Qf3
Bc5+ 32. Kh2 Rbe7 33. Rfe1 Be4 34. Qe2 Qc6 35. Qd2 f5 36. Bf2
Qc7+ 37. Kg1 Bd3 38. Nf3 Re2 0-1

[Event "Mindsports"]
[Site "Beijing CHN"]
[Date "2008.10.06"]
[EventDate "2008.10.05"]
[Round "5"]
[Result "1-0"]
[White "Shen Yang"]
[Black "Monika (Bobrowska) Socko"]
[WhiteElo "2450"]
[BlackElo "2434"]
[PlyCount "51"]

1. d4 Nf6 2. c4 e6 3. Nc3 Bb4 4. Qc2 O-O 5. a3 Bxc3+ 6. Qxc3
d6 7. f3 c5 8. dxc5 dxc5 9. Bg5 Nc6 10. e3 e5 11. Ne2 Be6
12. Qc2 h6 13. Bh4 Qa5+ 14. Nc3 Nd7 15. O-O-O a6 16. Bd3 b5
17. cxb5 axb5 18. Bxb5 Qc7 19. Nd5 Bxd5 20. Rxd5 Rfb8 21. Rhd1
Rxb5 22. Rxd7 Qb6 23. Qc4 Rf8 24. Rxf7 Na5 25. Rdd7 Nb3+
26. Qxb3 1-0

[Event "Mindsports"]
[Site "Beijing CHN"]
[Date "2008.10.06"]
[EventDate "2008.10.05"]
[Round "6"]
[Result "1-0"]
[White "Alexandra Kosteniuk"]
[Black "Shen Yang"]
[WhiteElo "2525"]
[BlackElo "2450"]
[PlyCount "75"]

1. e4 e5 2. Nf3 Nc6 3. Bb5 a6 4. Ba4 Nf6 5. O-O Be7 6. Re1 b5
7. Bb3 d6 8. c3 O-O 9. h3 Bb7 10. d4 Re8 11. Nbd2 Bf8 12. d5
Nb8 13. Nf1 Nbd7 14. Ng3 h6 15. Nh2 Nc5 16. Bc2 c6 17. b4 Ncd7
18. dxc6 Bxc6 19. Bb3 Nb6 20. Ng4 Bd7 21. Qf3 Be6 22. Nxf6+
Qxf6 23. Qxf6 gxf6 24. Nh5 Rec8 25. Re3 Nd7 26. f4 a5 27. Rg3+
Kh7 28. bxa5 Rxa5 29. Bxe6 fxe6 30. f5 exf5 31. exf5 d5
32. Rg6 Ra6 33. Bd2 Rcc6 34. Rb1 b4 35. cxb4 Rxa2 36. b5 Rb6
37. Rc1 Rb7 38. Rc8 1-0

[Event "Mindsports"]
[Site "Beijing CHN"]
[Date "2008.10.06"]
[EventDate "2008.10.05"]
[Round "7"]
[Result "1/2-1/2"]
[White "Shen Yang"]
[Black "Tatjana Vasilevich"]
[WhiteElo "2450"]
[BlackElo "2368"]
[PlyCount "159"]

1. d4 Nf6 2. c4 e6 3. Nc3 Bb4 4. Qc2 O-O 5. a3 Bxc3+ 6. Qxc3
b6 7. Bg5 Bb7 8. f3 h6 9. Bh4 d5 10. e3 Nc6 11. Nh3 Re8
12. cxd5 Nxd5 13. Bxd8 Nxc3 14. Bh4 Nd5 15. Bf2 e5 16. dxe5
Nxe5 17. O-O-O Rad8 18. Be2 Ng6 19. Rhe1 c5 20. Bb5 Rf8
21. Bg3 a6 22. Bf1 f5 23. Rd2 Rd7 24. Red1 Rfd8 25. Bd3 Nxe3
26. Bc4+ Bd5 27. Bxd5+ Nxd5 28. Bc7 Rxc7 29. Rxd5 Rxd5
30. Rxd5 Ne7 31. Rd6 Rc6 32. Rd7 Ng6 33. g3 Ne5 34. Rd8+ Kf7
35. Ng1 c4 36. Kc2 b5 37. Kc3 Re6 38. f4 Ng4 39. Rd7+ Kf6
40. h3 Nf2 41. Kb4 Nd3+ 42. Kc3 Nc5 43. Rc7 Ne4+ 44. Kb4 Nxg3
45. Nf3 Ne2 46. Ne5 Nxf4 47. Nd7+ Kg5 48. Ka5 Nxh3 49. Nf8 Re2
50. Rxg7+ Kh5 51. Kxa6 Rxb2 52. Ne6 Re2 53. Nd4 Rf2 54. Kxb5
c3 55. a4 Ng5 56. a5 f4 57. a6 Ra2 58. a7 f3 59. Kb4 f2
60. Nf5 c2 61. Rc7 Rxa7 62. Rxc2 Ne4 63. Ne3 Rb7+ 64. Ka5 Rb1
65. Rc4 Ng3 66. Rc5+ Kg6 67. Rc6+ Kg7 68. Rc7+ Kf6 69. Ng4+
Kg5 70. Nxf2 h5 71. Rc5+ Nf5 72. Nh3+ Kg4 73. Nf2+ Kg5
74. Nh3+ Kf6 75. Rc6+ Ke5 76. Rc5+ Kf6 77. Rc6+ Kg7 78. Rc5
Kf6 79. Rc6+ Ke5 80. Rc5+ 1/2-1/2

[Event "Mindsports"]
[Site "Beijing CHN"]
[Date "2008.10.07"]
[EventDate "2008.10.05"]
[Round "8"]
[Result "1-0"]
[White "Joanna Dworakowska"]
[Black "Shen Yang"]
[WhiteElo "2363"]
[BlackElo "2450"]
[PlyCount "77"]

1. e4 e5 2. Nf3 Nc6 3. Bb5 a6 4. Ba4 Nf6 5. O-O Be7 6. Re1 b5
7. Bb3 d6 8. c3 O-O 9. h3 a5 10. a3 a4 11. Ba2 Be6 12. d4 Bxa2
13. Rxa2 Re8 14. Qd3 Qb8 15. Nbd2 Nd7 16. Ra1 Na5 17. Rb1 c5
18. Nf1 exd4 19. cxd4 Bf6 20. Bg5 Qb7 21. Ng3 Bxg5 22. Nxg5 g6
23. h4 Nb3 24. Nf3 Rab8 25. dxc5 dxc5 26. e5 f5 27. h5 Nf8
28. Qe3 Ne6 29. Ne2 Qe4 30. Nc3 Qxe3 31. fxe3 Kf7 32. Rbd1
Red8 33. Rxd8 Nxd8 34. Ng5+ Kg7 35. Rd1 Kh6 36. Rxd8 Rb7
37. Nf3 Kxh5 38. e6 b4 39. Nd5 1-0

[Event "Mindsports"]
[Site "Beijing CHN"]
[Date "2008.10.07"]
[EventDate "2008.10.05"]
[Round "9"]
[Result "1-0"]
[White "Shen Yang"]
[Black "Le Thao Nguyen Pham"]
[WhiteElo "2450"]
[BlackElo "2304"]
[PlyCount "103"]

1. d4 d5 2. c4 e6 3. Nc3 Nf6 4. Bg5 Be7 5. e3 h6 6. Bh4 O-O
7. cxd5 exd5 8. Bd3 c6 9. Nge2 Ne4 10. Bg3 Bf5 11. Bxe4 dxe4
12. Qb3 Qd7 13. Rd1 Na6 14. O-O Nb4 15. d5 Nd3 16. Nd4 Bg6
17. f3 cxd5 18. Nxd5 Nc5 19. Nxe7+ Qxe7 20. Qa3 exf3 21. gxf3
Rfe8 22. e4 Ne6 23. Qxe7 Rxe7 24. Nb5 a6 25. Nd6 Nd8 26. Rd2
Nc6 27. Rc1 Rd8 28. Kf2 f6 29. a3 Bf7 30. b4 Ne5 31. f4 Ng4+
32. Ke1 Bg6 33. Rc4 Ne3 34. Rc3 Ng4 35. h3 Bxe4 36. Nxe4 Rxe4+
37. Re2 Rde8 38. Rxe4 Rxe4+ 39. Kd2 f5 40. hxg4 fxg4 41. Rc7
h5 42. Kd3 Re8 43. Rxb7 Rd8+ 44. Ke4 Rd1 45. f5 Rf1 46. Be5
Kf8 47. Bxg7+ Ke8 48. Kd5 g3 49. Ke6 Re1+ 50. Be5 Rxe5+
51. Kxe5 h4 52. Rg7 1-0

[Event "Women's Olympiad"]
[Site "Dresden GER"]
[Date "2008.11.13"]
[EventDate "2008.11.13"]
[Round "1"]
[Result "1-0"]
[White "Shen Yang"]
[Black "Borka Franciskovic"]
[WhiteElo "2450"]
[BlackElo "2275"]
[PlyCount "132"]

1. d4 Nf6 2. c4 e6 3. Nc3 Bb4 4. Qc2 c5 5. dxc5 Bxc5 6. Nf3
Qb6 7. e3 Qc7 8. Be2 a6 9. O-O b6 10. a3 Bb7 11. b4 Be7
12. Bb2 O-O 13. Ng5 d6 14. f4 Nbd7 15. Rac1 h6 16. Nh3 Rac8
17. Qd3 Qb8 18. Nf2 Rfd8 19. e4 d5 20. cxd5 Qxf4 21. dxe6 fxe6
22. Qh3 Nf8 23. Nd3 Qd2 24. Rfd1 Qg5 25. e5 Nd5 26. Nxd5 Bxd5
27. Bd4 Nd7 28. Rxc8 Rxc8 29. Be3 Qh4 30. Qxh4 Bxh4 31. Nf4
Nxe5 32. Nxd5 exd5 33. Rxd5 Nc4 34. Bxc4 Rxc4 35. g3 Bg5
36. Bxb6 Rc3 37. Ra5 Bc1 38. a4 Rb3 39. b5 axb5 40. Rxb5 Be3+
41. Bxe3 Rxe3 42. Kg2 Ra3 43. a5 Kh7 44. h4 Kg6 45. h5+ Kf6
46. Kh3 Ra1 47. Rb6+ Kf5 48. a6 Rh1+ 49. Kg2 Ra1 50. Rg6 Ra2+
51. Kf3 Ke5 52. Ke3 Ra3+ 53. Kd2 Kd4 54. Kc2 Kc4 55. g4 Ra2+
56. Kb1 Ra4 57. Rxg7 Rxa6 58. Rg6 Ra3 59. Rxh6 Rg3 60. Rg6 Kc3
61. h6 Rg1+ 62. Ka2 Rg2+ 63. Ka3 Rh2 64. g5 Kd4 65. Rg7 Ke5
66. Kb4 Kd5 1-0

[Event "Women's Olympiad"]
[Site "Dresden GER"]
[Date "2008.11.14"]
[EventDate "2008.11.13"]
[Round "2"]
[Result "1/2-1/2"]
[White "Regina Pokorna"]
[Black "Shen Yang"]
[WhiteElo "2376"]
[BlackElo "2450"]
[PlyCount "107"]

1. e4 e5 2. Nf3 Nc6 3. Bc4 Bc5 4. c3 Nf6 5. d3 a6 6. Bb3 Ba7
7. O-O d6 8. Re1 O-O 9. h3 h6 10. Nbd2 Be6 11. Bc2 Re8 12. Nf1
d5 13. Bd2 Rb8 14. N3h2 b5 15. Qf3 d4 16. Ng3 dxc3 17. bxc3 b4
18. Ba4 bxc3 19. Bxc3 Bd4 20. Bxc6 Bxc3 21. Bxe8 Nxe8 22. Nf5
Qg5 23. Rab1 Rd8 24. Re2 g6 25. h4 Qf4 26. Ne7+ Kf8 27. Qxf4
exf4 28. Nd5 Bxd5 29. exd5 Nf6 30. Rc2 Nxd5 31. Rb3 Ba5 32. a3
Bb6 33. Nf3 Nf6 34. Rc4 Nd5 35. Kf1 f6 36. Nd4 Kf7 37. Nc6 Rd6
38. Nb4 Nxb4 39. axb4 g5 40. Ra3 Rd5 41. Ke2 a5 42. bxa5 Bxa5
43. hxg5 hxg5 44. Ra1 Bb6 45. Rac1 Ke6 46. g3 f3+ 47. Kxf3
Rf5+ 48. Ke4 Rxf2 49. Rc6+ Kd7 50. d4 g4 51. R1c2 Rf1 52. Rc1
Rf2 53. R1c2 Rf1 54. Rc1 1/2-1/2

[Event "Women's Olympiad"]
[Site "Dresden GER"]
[Date "2008.11.16"]
[EventDate "2008.11.13"]
[Round "4"]
[Result "1-0"]
[White "Shen Yang"]
[Black "Nelly Aginian"]
[WhiteElo "2450"]
[BlackElo "2325"]
[PlyCount "59"]

1. d4 d5 2. c4 c6 3. Nf3 Nf6 4. Qc2 dxc4 5. Qxc4 Bf5 6. g3 e6
7. Bg2 Nbd7 8. O-O Be7 9. Nc3 O-O 10. Re1 Bg6 11. a4 Qa5
12. e4 b5 13. Qxc6 b4 14. e5 bxc3 15. exf6 cxb2 16. Bxb2 Nxf6
17. Ne5 Rac8 18. Qb5 Qd2 19. Re2 Qh6 20. Nc6 Bd6 21. Nxa7 Rb8
22. Qa6 Qh5 23. h3 Bc7 24. Nc6 Rb6 25. Qc4 Bd6 26. a5 Rxc6
27. Bxc6 Qxh3 28. Bg2 Qh5 29. a6 Ng4 30. a7 1-0

[Event "Women's Olympiad"]
[Site "Dresden GER"]
[Date "2008.11.17"]
[EventDate "2008.11.13"]
[Round "5"]
[Result "0-1"]
[White "Joanna Majdan-Gajewska"]
[Black "Shen Yang"]
[WhiteElo "2284"]
[BlackElo "2450"]
[PlyCount "94"]

1. e4 e5 2. Nf3 Nc6 3. Bb5 a6 4. Ba4 Nf6 5. O-O Be7 6. Re1 b5
7. Bb3 d6 8. c3 O-O 9. d4 Bg4 10. d5 Na5 11. Bc2 c6 12. h3 Bc8
13. dxc6 Qc7 14. Nbd2 Qxc6 15. Nf1 Be6 16. Ng5 Bd7 17. a4 h6
18. Nf3 Rfc8 19. Ne3 Be6 20. Nh4 g6 21. Qf3 Nh7 22. Qg3 Bg5
23. Ng4 Bxg4 24. Qxg4 b4 25. Bxg5 hxg5 26. Nf3 Qb6 27. Rad1
bxc3 28. b3 Kg7 29. h4 Nf6 30. Qxg5 Rh8 31. Qe3 Qb4 32. Qd3
Nb7 33. Re3 Rhc8 34. Ng5 Rc7 35. Rf3 a5 36. g3 Re8 37. Kg2 Qb6
38. Qe2 d5 39. exd5 e4 40. Rf4 Nd6 41. h5 Nxh5 42. Rh4 Nf6
43. Rdh1 Re5 44. Nh7 Nxd5 45. Qg4 Nf5 46. Qh3 Nxh4+ 47. Qxh4
Rh5 0-1

[Event "Women's Olympiad"]
[Site "Dresden GER"]
[Date "2008.11.19"]
[EventDate "2008.11.13"]
[Round "6"]
[Result "1/2-1/2"]
[White "Ildiko Madl"]
[Black "Shen Yang"]
[WhiteElo "2376"]
[BlackElo "2450"]
[PlyCount "153"]

1. e4 e5 2. Nf3 Nc6 3. Bb5 a6 4. Ba4 Nf6 5. O-O Be7 6. Re1 b5
7. Bb3 d6 8. c3 O-O 9. h3 Bb7 10. d4 Re8 11. Ng5 Rf8 12. Nf3
h6 13. Nbd2 Re8 14. Nf1 Bf8 15. Ng3 Na5 16. Bc2 Nc4 17. b3 Nb6
18. Rb1 d5 19. Nxe5 dxe4 20. Bb2 c5 21. Nxe4 cxd4 22. Nxf6+
Qxf6 23. cxd4 Nd5 24. Be4 Bb4 25. Rf1 Rad8 26. Qf3 Ba8 27. a3
Ba5 28. b4 Bb6 29. Rfe1 Re6 30. Qxf6 gxf6 31. Ng4 Kg7 32. Bf5
Re7 33. g3 h5 34. Ne3 Rde8 35. Ng2 a5 36. Rxe7 Rxe7 37. bxa5
Bxa5 38. Bd3 b4 39. axb4 Bxb4 40. Bc1 Bc6 41. Be3 Bd7 42. Kh2
Bd6 43. Rb7 h4 44. Bd2 hxg3+ 45. fxg3 f5 46. Nf4 Nxf4 47. gxf4
Kg6 48. Kg3 Kh5 49. d5 Bc5 50. Kf3 Be6 51. Rb5 Bxd5+ 52. Kg3
Rc7 53. Bxf5 Kh6 54. Bc3 Be6 55. Be5 Rc8 56. Bxe6 fxe6 57. Rb7
Re8 58. Kf3 Bf8 59. Ke4 Kg6 60. Bd4 Be7 61. Rb6 Bf6 62. Be5
Kf7 63. Rb7+ Kg6 64. Ra7 Be7 65. Ra1 Bf6 66. Ra3 Rh8 67. Rb3
Rh5 68. Bd6 Kf7 69. Rg3 Bh4 70. Rf3 Bf6 71. Be5 Rh4 72. Ra3
Bxe5 73. Kxe5 Rh5+ 74. Ke4 Kf6 75. Rg3 e5 76. fxe5+ Rxe5+
77. Kd4 1/2-1/2

[Event "Women's Olympiad"]
[Site "Dresden GER"]
[Date "2008.11.20"]
[EventDate "2008.11.13"]
[Round "7"]
[Result "1/2-1/2"]
[White "Shen Yang"]
[Black "Rusudan Goletiani"]
[WhiteElo "2450"]
[BlackElo "2359"]
[PlyCount "73"]

1. d4 Nf6 2. c4 c5 3. d5 b5 4. cxb5 a6 5. bxa6 g6 6. Nc3 Bxa6
7. e4 Bxf1 8. Kxf1 d6 9. g3 Bg7 10. Kg2 O-O 11. Nf3 Nbd7
12. h3 Qa5 13. Re1 Rfb8 14. Rb1 Ne8 15. Bd2 Nc7 16. a4 c4
17. Qe2 Qa6 18. Be3 Nb6 19. Bd4 Nxa4 20. Nxa4 Qxa4 21. Rec1
Na6 22. Rxc4 Qa2 23. Rcc1 Nc5 24. Bxg7 Kxg7 25. Qc2 Qb3
26. Nd2 Qxc2 27. Rxc2 Rb4 28. f3 Ra2 29. Kf1 f5 30. e5 Rd4
31. exd6 exd6 32. Nc4 Rxd5 33. Nxd6 Nb3 34. Nc4 Rc5 35. Kf2
Na5 36. Ne3 Rxc2+ 37. Nxc2 1/2-1/2

[Event "Women's Olympiad"]
[Site "Dresden GER"]
[Date "2008.11.21"]
[EventDate "2008.11.13"]
[Round "8"]
[Result "1/2-1/2"]
[White "Anna Ushenina"]
[Black "Shen Yang"]
[WhiteElo "2496"]
[BlackElo "2450"]
[PlyCount "70"]

1. d4 d5 2. c4 c6 3. Nc3 Nf6 4. e3 e6 5. Nf3 Nbd7 6. Qc2 Bd6
7. Bd3 dxc4 8. Bxc4 O-O 9. O-O a6 10. a4 c5 11. dxc5 Bxc5
12. b3 b6 13. Ne4 Nxe4 14. Qxe4 Ra7 15. Bb2 Nf6 16. Qc2 h6
17. Rfd1 Qe7 18. Ne5 Rc7 19. Qe2 a5 20. Qf3 Bb7 21. Qh3 Ne4
22. Nd3 Bd6 23. Bd4 Nc5 24. Nxc5 Bxc5 25. Be5 Rcc8 26. Qg3 Qg5
27. Qxg5 hxg5 28. Kf1 Rfd8 29. Ke2 Kf8 30. g4 f6 31. Bg3 Ke7
32. h4 gxh4 33. Bxh4 g5 34. Bg3 Rh8 35. Rac1 Rcd8 1/2-1/2

[Event "Women's Olympiad"]
[Site "Dresden GER"]
[Date "2008.11.22"]
[EventDate "2008.11.13"]
[Round "9"]
[Result "1/2-1/2"]
[White "Shen Yang"]
[Black "Andjelija Stojanovic"]
[WhiteElo "2450"]
[BlackElo "2357"]
[PlyCount "98"]

1. d4 d5 2. c4 c6 3. Nf3 Nf6 4. Nc3 dxc4 5. a4 Bf5 6. e3 e6
7. Bxc4 Bb4 8. O-O Nbd7 9. Qe2 Bg4 10. Rd1 Qa5 11. Bd2 Qh5
12. h3 Bxf3 13. Qxf3 Qxf3 14. gxf3 a5 15. Rac1 Ke7 16. Kg2
Rhd8 17. f4 Rac8 18. Bb3 c5 19. Nb5 Bxd2 20. Rxd2 cxd4
21. Rxc8 Rxc8 22. Rxd4 Nc5 23. Bd1 Nd5 24. f5 Nb4 25. Nd6 Rd8
26. Nxf7 Rxd4 27. exd4 Kxf7 28. dxc5 exf5 29. Bf3 Nd3 30. Bxb7
Nxc5 31. Bc6 Ke6 32. Bb5 g5 33. Kf3 Ke5 34. Ke3 h5 35. h4 f4+
36. Kf3 gxh4 37. Kg2 Ke4 38. Bc6+ Kf5 39. Kh3 Nd3 40. Kxh4
Nxb2 41. Kxh5 Nd1 42. f3 Ne3 43. Bd7+ Ke5 44. Kg5 Nf1 45. Bb5
Nd2 46. Kg4 Nb3 47. Bc6 Nd4 48. Be4 Ne6 49. Bc6 Nd4 1/2-1/2

[Event "Women's Olympiad"]
[Site "Dresden GER"]
[Date "2008.11.23"]
[EventDate "2008.11.13"]
[Round "10"]
[Result "1/2-1/2"]
[White "Shen Yang"]
[Black "Lela Javakhishvili"]
[WhiteElo "2450"]
[BlackElo "2473"]
[PlyCount "103"]

1. d4 Nf6 2. c4 e6 3. Nf3 Bb4+ 4. Bd2 Qe7 5. g3 O-O 6. Bg2
Bxd2+ 7. Qxd2 d6 8. Nc3 e5 9. O-O Re8 10. Rac1 e4 11. Ne1 c6
12. d5 c5 13. Nc2 a6 14. Ne3 Qe5 15. a3 Nbd7 16. b4 Rb8
17. Rb1 h5 18. Rfd1 h4 19. Qc2 hxg3 20. hxg3 g6 21. Na4 Qh5
22. bxc5 dxc5 23. Nc3 Qe5 24. d6 Kg7 25. Qb2 Re6 26. a4 Rxd6
27. Rxd6 Qxd6 28. Nxe4 Qd4 29. Nc3 Qe5 30. Qa3 b6 31. a5 bxa5
32. Rd1 a4 33. Nxa4 Bb7 34. Bxb7 Rxb7 35. Nc3 Rb8 36. Kg2 Ne4
37. Nxe4 Qxe4+ 38. f3 Qe6 39. Qc3+ Nf6 40. Kf2 Re8 41. Rd2 Kg8
42. Ra2 Nh5 43. Ng4 Qd6 44. f4 Qe6 45. Qe5 Qd7 46. Rd2 Qc8
47. Qg5 Qe6 48. Qe5 Qc8 49. Qg5 Qe6 50. Qe5 Qc8 51. Qg5 Qd7
52. Ra2 1/2-1/2

[Event "Moscow Open C"]
[Site "?"]
[Date "2009.02.03"]
[EventDate "?"]
[Round "4.9"]
[Result "1/2-1/2"]
[White "Shen Yang"]
[Black "Nazi Paikidze"]
[WhiteElo "2448"]
[BlackElo "2280"]
[PlyCount "56"]

1.d4 Nf6 2.c4 e6 3.Nf3 b6 4.g3 Ba6 5.b3 Bb4+ 6.Bd2 Be7 7.Bg2
c6 8.O-O d5 9.Qc2 O-O 10.Rd1 Nbd7 11.Bf4 Rc8 12.Nc3 dxc4
13.bxc4 Bxc4 14.Nd2 Ba6 15.Qa4 Bb7 16.Qxa7 Ba8 17.Nf1 b5 18.a4
b4 19.Ne4 Nxe4 20.Bxe4 Nf6 21.Bg2 Nd5 22.Bxd5 cxd5 23.Rdc1 Bc6
24.Qa6 Qd7 25.Nd2 g5 26.Be3 Bb7 27.Qb5 Bc6 28.Qa6 Bb7 1/2-1/2

[Event "Aeroflot Open"]
[Site "Moscow RUS"]
[Date "2009.02.19"]
[EventDate "2009.02.17"]
[Round "3"]
[Result "0-1"]
[White "Tigran Kotanjian"]
[Black "Shen Yang"]
[WhiteElo "2568"]
[BlackElo "2448"]
[PlyCount "130"]

1. d4 d5 2. c4 c6 3. Nf3 Nf6 4. Nc3 dxc4 5. a4 Bf5 6. Ne5 Nbd7
7. Nxc4 Nb6 8. Ne5 a5 9. Bg5 h6 10. Bh4 Nfd5 11. e4 Nxc3
12. bxc3 Bxe4 13. Qb3 Bd5 14. c4 Be4 15. Qe3 Bf5 16. Be2 h5
17. d5 c5 18. Qxc5 g5 19. Bxg5 f6 20. Be3 fxe5 21. Qxb6 Qxb6
22. Bxb6 e6 23. O-O Bb4 24. Rfd1 Ke7 25. d6+ Bxd6 26. c5 Bb8
27. Bb5 Be4 28. Rd7+ Kf6 29. f3 Bd5 30. Bd8+ Kg6 31. Bd3+ e4
32. fxe4 Bc6 33. e5+ Kh6 34. Bf6 Bxd7 35. Bxh8 Ba7 36. Bf6
Bxc5+ 37. Kf1 Rg8 38. Be2 Bc6 39. g3 Rf8 40. Ke1 Bb4+ 41. Kd1
Rf7 42. Kc2 Rc7 43. Kd3 b5 44. Ke3 bxa4 45. Bc4 Bd7 46. Kd3 a3
47. h3 Bc8 48. g4 Rc6 49. gxh5 Ba6 50. Bxa6 Rxa6 51. Kc4 Rc6+
52. Kb5 Rc2 53. Ka4 Kxh5 54. Bd8 Re2 55. Bf6 Re4 56. Ra2 Re1
57. h4 Rb1 58. Bd8 Rb2 59. Ra1 a2 60. Bf6 Kg4 61. Rg1+ Kh5
62. Ra1 Bc5 63. Bg5 Kg4 64. Bf6 Kf5 65. h5 Rd2 0-1

[Event "Aeroflot Open"]
[Site "Moscow RUS"]
[Date "2009.02.20"]
[EventDate "2009.02.17"]
[Round "4"]
[Result "0-1"]
[White "Shen Yang"]
[Black "Sergei Zhigalko"]
[WhiteElo "2448"]
[BlackElo "2587"]
[PlyCount "106"]

1. d4 d5 2. c4 e6 3. Nf3 c6 4. Qc2 dxc4 5. Qxc4 Nf6 6. g3 b5
7. Qc2 Bb7 8. Bg2 Nbd7 9. a4 Rc8 10. O-O a6 11. axb5 cxb5
12. Qd3 Be7 13. Bd2 Be4 14. Qb3 Bd5 15. Qd1 Qb6 16. Ba5 Qb7
17. Re1 b4 18. Nbd2 Ne4 19. Bf1 O-O 20. e3 f5 21. Be2 Bd6
22. Qa4 Ndf6 23. Nxe4 Nxe4 24. Rec1 h6 25. Qd1 Kh7 26. Qf1
Rxc1 27. Rxc1 Rc8 28. Rxc8 Qxc8 29. Qd1 Qc6 30. Ne1 Nf6
31. Qc2 Qb7 32. Qd3 Qc6 33. Qc2 Qd7 34. f3 b3 35. Qc3 Qa4
36. Bxa6 Qa1 37. Bd3 Bxf3 38. Qxb3 Bd5 39. Qc3 Ng4 40. b3 Qa2
41. Nc2 h5 42. Bd8 Qb1+ 43. Ne1 Qd1 44. Bg5 h4 45. Bxh4 Ba3
46. h3 Bc1 47. hxg4 Bd2 48. Qxd2 Qxd2 49. Kf1 Bg2+ 50. Nxg2
Qxd3+ 51. Kf2 fxg4 52. Be7 Qc2+ 53. Kg1 Qc7 0-1

[Event "Aeroflot Open"]
[Site "Moscow RUS"]
[Date "2009.02.21"]
[EventDate "2009.02.17"]
[Round "5"]
[Result "1/2-1/2"]
[White "Anton Shomoev"]
[Black "Shen Yang"]
[WhiteElo "2567"]
[BlackElo "2448"]
[PlyCount "121"]

1. e4 e5 2. Nf3 Nc6 3. Bb5 a6 4. Ba4 Nf6 5. O-O Be7 6. Re1 b5
7. Bb3 d6 8. c3 O-O 9. h3 Bb7 10. d4 Re8 11. Nbd2 Bf8 12. d5
Nb8 13. Nf1 Nbd7 14. Ng3 Nc5 15. Bc2 c6 16. b4 Ncd7 17. dxc6
Bxc6 18. Bb3 Nb6 19. Bg5 Rc8 20. Nh2 h6 21. Bxf6 Qxf6 22. Ng4
Qg6 23. Ne3 Bd7 24. Rc1 Be6 25. Ngf5 Rc7 26. Qd3 Rec8 27. Rc2
Qf6 28. Rec1 g6 29. Ng3 Qg5 30. Nd5 Bxd5 31. Bxd5 h5 32. Bb3
Rc6 33. Ne2 Nc4 34. a4 Qe7 35. axb5 axb5 36. Ra1 Qb7 37. Rca2
Qb6 38. Qd5 R6c7 39. Ra8 Rxa8 40. Rxa8 Kg7 41. Bxc4 bxc4
42. h4 Ra7 43. g3 Rxa8 44. Qxa8 Be7 45. Qc8 Qb5 46. Qc7 Kf6
47. f4 Qa6 48. Kf2 Ke6 49. f5+ gxf5 50. b5 Qxb5 51. Qc8+ Kf6
52. Qxf5+ Kg7 53. Qxh5 Qb6+ 54. Kf3 Qb1 55. Qg4+ Kh7 56. Qh5+
Kg7 57. Qg4+ Kh7 58. Kg2 Qd3 59. Qh5+ Kg7 60. Qg4+ Kh7
61. Qh5+ 1/2-1/2

[Event "Aeroflot Open"]
[Site "Moscow RUS"]
[Date "2009.02.22"]
[EventDate "2009.02.17"]
[Round "6"]
[Result "1-0"]
[White "Shen Yang"]
[Black "Sebastien Maze"]
[WhiteElo "2448"]
[BlackElo "2579"]
[PlyCount "77"]

1. d4 Nf6 2. c4 e6 3. Nc3 c5 4. d5 exd5 5. cxd5 d6 6. Nf3 g6
7. Nd2 Bg7 8. e4 O-O 9. Be2 Na6 10. O-O Ne8 11. Nc4 f5
12. exf5 Bxf5 13. Bf4 Nb4 14. Qd2 Nc2 15. g4 Nxa1 16. gxf5 a6
17. Rxa1 b5 18. Ne3 Nf6 19. Bf3 Qd7 20. fxg6 Ne4 21. gxh7+ Kh8
22. Bxe4 Rxf4 23. Ng2 Rf7 24. Ne2 Raf8 25. Rf1 Qh3 26. b3 c4
27. bxc4 bxc4 28. Qe3 Qxe3 29. Nxe3 c3 30. f3 Rb7 31. Nc4 Rb4
32. Nxd6 Be5 33. Nf5 Rb2 34. Kf2 Rxa2 35. Ke3 Kxh7 36. Ne7+
Kh6 37. Ng6 Re8 38. Nxe5 Rxe5 39. Nxc3 1-0

[Event "Aeroflot Open"]
[Site "Moscow RUS"]
[Date "2009.02.23"]
[EventDate "2009.02.17"]
[Round "7"]
[Result "1-0"]
[White "Wesley So"]
[Black "Shen Yang"]
[WhiteElo "2627"]
[BlackElo "2448"]
[PlyCount "100"]

1. e4 e5 2. Nf3 Nc6 3. Bb5 a6 4. Bxc6 dxc6 5. O-O f6 6. d4
exd4 7. Nxd4 c5 8. Nb3 Qxd1 9. Rxd1 Bg4 10. f3 Bd7 11. Nc3
O-O-O 12. Bf4 c4 13. Na5 Bc5+ 14. Kf1 b5 15. Nd5 c6 16. Bc7
cxd5 17. Bxd8 d4 18. b3 Ba7 19. bxc4 Kxd8 20. cxb5 Kc7 21. a4
axb5 22. Rdb1 Ne7 23. axb5 Rb8 24. Nc4 Nc8 25. Ra5 Bc5 26. b6+
Bxb6 27. Nxb6 Nxb6 28. Ra7+ Rb7 29. Rxb7+ Kxb7 30. Rb4 Ba4
31. Rxd4 Bxc2 32. Rd8 Kc7 33. Rh8 Kd6 34. h4 Ke7 35. Rxh7 Kf7
36. Rh5 Nd7 37. Ra5 Kg6 38. Kf2 Ne5 39. Ra3 f5 40. Ra6+ Kf7
41. exf5 Bxf5 42. Ke3 Be6 43. h5 Nd7 44. Kf4 Kf6 45. g4 Kf7
46. Ra7 Kf6 47. Ra5 Kf7 48. Kg5 Nf6 49. Ra7+ Kf8 50. h6 Bf7
1-0